The Beatles - Beatles for Sale (Tracks) - Statistics

General Stats
  • This quiz has been taken 75 times
  • The average score is 9 of 14
Answer Stats
Track Number Track Name % Correct
1 No Reply
94%
2 I'm a Loser
87%
3 Baby's in Black
74%
7 Kansas City/Hey-Hey-Hey-Hey!
74%
5 I'll Follow the Sun
68%
6 Mr. Moonlight
68%
4 Rock and Roll Music
65%
8 Eight Days a Week
61%
14 Everybody's Trying to Be My Baby
61%
9 Words of Love
58%
10 Honey Don't
52%
12 I Don't Want to Spoil the Party
48%
13 What You're Doing
48%
11 Every Little Thing
32%
No matching quizzes found
Score Distribution
Percent of People with Each Score
Percentile by Number Answered
Your Score History
You have not taken this quiz